[Event "ESP-ch U14 Rapid"]
[Site "Salobrena"]
[Date "2022.07.23"]
[Round "1"]
[White "Uber Gracia, Hugo"]
[Black "De la Riva Reina, Marti"]
[Result "1-0"]
[WhiteElo "1813"]
[BlackElo "1345"]
[PlyCount "70"]
[EventDate "2022.07.23"]
[EventType "swiss (rapid)"]
[EventRounds "9"]
[EventCountry "ESP"]
[SourceTitle "EXT 2023"]
[Source "ChessBase"]
[SourceDate "2022.10.05"]
[SourceVersion "1"]
[SourceVersionDate "2022.10.05"]
[SourceQuality "1"]

1. e4 c5 2. Nf3 e6 3. g3 Nc6 4. Bg2 g6 5. 0-0 Bg7 6. c3 Nge7 7. d4 cxd4 8. cxd4 0-0 9. Nc3 d5 10. e5 a6 11. b3 b5 12. Be3 Nf5 13. Rc1 Bb7 14. Qd2 Rc8 15. Rfd1 Qd7 16. Bf4 f6 17. exf6 Bxf6 18. Ne5 Nxe5 19. dxe5 Bg7 20. Ne4 Rxc1 21. Rxc1 Rc8 22. Nc5 Qe7 23. b4 h6 24. g4 Nh4 25. Bh1 g5 26. Bg3 Ng6 27. Qd4 a5 28. a3 axb4 29. axb4 Qc7 30. Re1 Qf7 31. Qd3 Ba8 32. Qxb5 Bc6 33. Qa6 Qe7 34. Qxc8+ Kh7 35. Qxc6 Qf8 1-0

[Event "Roncana op-B 13th"]
[Site "Santa Eulalia de Roncana"]
[Date "2019.09.28"]
[Round "1"]
[White "Fradera Manils, Josep"]
[Black "De la Riva Reina, Marti"]
[Result "1-0"]
[WhiteElo "1677"]
[BlackElo "1360"]
[PlyCount "65"]
[EventDate "2019.09.28"]
[EventType "swiss"]
[EventRounds "8"]
[EventCountry "ESP"]
[SourceTitle "CBM 193 Extra"]
[Source "ChessBase"]
[SourceDate "2020.01.31"]
[SourceVersion "1"]
[SourceVersionDate "2020.01.31"]
[SourceQuality "1"]

1. e4 c5 2. Bc4 e6 3. Nc3 a6 4. Nf3 b5 5. Be2 Nc6 6. d4 cxd4 7. Nxd4 Nge7 8. Bg5 f6 9. Bh4 Bb7 10. a3 Nxd4 11. Qxd4 Nc6 12. Qd1 Be7 13. Bg3 0-0 14. 0-0 Bc5 15. Kh1 Bd4 16. Qe1 Ne5 17. f4 Nc6 18. Rd1 Bxc3 19. Qxc3 Ne7 20. Bf3 d5 21. Qe3 Qc8 22. Rd3 dxe4 23. Rc3 Qe8 24. Bxe4 Bxe4 25. Qxe4 Nd5 26. Rd3 Rc8 27. Rd2 Qc6 28. f5 Ne7 29. Qxe6+ Qxe6 30. fxe6 Rfd8 31. Rd7 Nc6 32. Rfd1 Rxd7 33. exd7 1-0

[Event "Foment Martinenc op-C 18th"]
[Site "Barcelona"]
[Date "2016.06.11"]
[Round "8"]
[White "De la Riva Reina, Marti"]
[Black "Dominguez Laguna, Didac"]
[Result "1-0"]
[WhiteElo "1632"]
[BlackElo "1528"]
[PlyCount "48"]
[EventDate "2016.04.23"]
[EventType "swiss"]
[EventRounds "9"]
[EventCountry "ESP"]
[SourceTitle "EXT 2017"]
[Source "ChessBase"]
[SourceDate "2016.10.25"]
[SourceVersion "1"]
[SourceVersionDate "2016.10.25"]
[SourceQuality "1"]

1. e4 e6 2. d4 d5 3. e5 c5 4. c3 cxd4 5. cxd4 Nc6 6. Nf3 f6 7. Bf4 Qb6 8. Nc3 Qxb2 9. Rc1 Bb4 10. Qd2 Qxd2+ 11. Bxd2 fxe5 12. dxe5 d4 13. Nb5 Bxd2+ 14. Kxd2 Kd7 15. Ng5 Nge7 16. Bc4 Nxe5 17. Bxe6+ Kd8 18. Rhe1 N5c6 19. Nd6 Bxe6 20. Nxe6+ Kd7 21. Nb5 a6 22. Nbxd4 Rhe8 23. Nc5+ Kc7 24. Nde6+ Kb6 1-0

[Event "Foment Martinenc op-C 18th"]
[Site "Barcelona"]
[Date "2016.04.23"]
[Round "1"]
[White "De la Riva Reina, Marti"]
[Black "Medinilla Moya, Dafne"]
[Result "0-1"]
[WhiteElo "1632"]
[BlackElo "1746"]
[PlyCount "70"]
[EventDate "2016.04.23"]
[EventType "swiss"]
[EventRounds "9"]
[EventCountry "ESP"]
[SourceTitle "EXT 2017"]
[Source "ChessBase"]
[SourceDate "2016.10.25"]
[SourceVersion "1"]
[SourceVersionDate "2016.10.25"]
[SourceQuality "1"]

1. e4 c5 2. Nf3 d6 3. d4 cxd4 4. Nxd4 Nf6 5. Nc3 g6 6. Be3 Bg7 7. Qd2 0-0 8. 0-0-0 Bd7 9. Kb1 Nc6 10. f3 Rc8 11. g4 Nxd4 12. Bxd4 b6 13. h4 h5 14. g5 Ne8 15. Bxg7 Nxg7 16. Ba6 Rc7 17. Nd5 Rc5 18. Rhf1 Bh3 19. Rf2 Be6 20. Qd4 Ra5 21. Bc4 Qd7 22. a3 Ra4 23. Bb3 Rxd4 24. Rxd4 Bxd5 25. Bxd5 e6 26. Bb3 e5 27. Ba4 Qe7 28. Rc4 Qe6 29. Rc7 a5 30. Bd7 Qe7 31. Rd2 Rd8 32. Rd3 Rxd7 33. Rc4 Rc7 34. Rxc7 Qxc7 35. Rc3 Qd7 0-1

[Event "Barcelona-C 1st"]
[Site "Barcelona"]
[Date "2015.12.08"]
[Round "8"]
[White "De la Riva Reina, Marti"]
[Black "Moya Nunez, Salvador"]
[Result "1/2-1/2"]
[WhiteElo "1002"]
[BlackElo "1187"]
[PlyCount "41"]
[EventDate "2015.12.05"]
[EventType "tourn"]
[EventRounds "9"]
[EventCountry "ESP"]
[SourceTitle "EXT 2024"]
[Source "ChessBase"]
[SourceDate "2023.10.10"]
[SourceVersion "1"]
[SourceVersionDate "2023.10.10"]
[SourceQuality "1"]

1. e4 c5 2. Nf3 e6 3. d4 cxd4 4. Nxd4 a6 5. Nc3 Qc7 6. Be3 Nf6 7. f3 Bb4 8. Qd2 0-0 9. a3 Bxc3 10. Qxc3 Qxc3+ 11. bxc3 Nc6 12. Nxc6 bxc6 13. e5 Nd5 14. Bc5 Re8 15. c4 Ne7 16. Bd3 Ng6 17. f4 Nxf4 18. Be4 Ng6 19. Bxg6 hxg6 20. 0-0 a5 21. Rab1 1/2-1/2

[Event "Barcelona-C 1st"]
[Site "Barcelona"]
[Date "2015.12.07"]
[Round "7"]
[White "De la Riva Reina, Marti"]
[Black "Martin Barcelo, Carles"]
[Result "0-1"]
[WhiteElo "1002"]
[BlackElo "1013"]
[PlyCount "108"]
[EventDate "2015.12.05"]
[EventType "tourn"]
[EventRounds "9"]
[EventCountry "ESP"]
[SourceTitle "EXT 2024"]
[Source "ChessBase"]
[SourceDate "2023.10.10"]
[SourceVersion "1"]
[SourceVersionDate "2023.10.10"]
[SourceQuality "1"]

1. e4 e6 2. d4 d5 3. e5 c5 4. Nc3 cxd4 5. Qxd4 Nc6 6. Qd1 Nxe5 7. Bf4 Ng6 8. Bg3 Bb4 9. Qd4 Bxc3+ 10. Qxc3 Nf6 11. 0-0-0 0-0 12. Nf3 Ne4 13. Qe3 f5 14. Bd3 Nxg3 15. hxg3 Qf6 16. Ng5 h6 17. Nf3 e5 18. Bb5 Be6 19. Qc3 e4 20. Qxf6 Rxf6 21. Nh4 Nxh4 22. gxh4 Rd8 23. c4 d4 24. g3 a6 25. Ba4 Bxc4 26. Kb1 Bd5 27. Rxd4 Bxa2+ 28. Kxa2 Rxd4 29. Bb3+ Kf8 30. Ka3 f4 31. g4 e3 32. Rf1 e2 33. Re1 f3 34. g5 Rb6 35. gxh6 gxh6 36. Ka2 Rxh4 37. Bd5 Rf4 38. Bb3 Rb5 39. Ka3 Ra5+ 40. Ba4 Raxa4+ 41. Kb3 Rad4 42. Kc2 Rd1 43. Rxd1 exd1Q+ 44. Kxd1 h5 45. Ke1 h4 46. Kf1 Rg4 47. Ke1 h3 48. Kd2 h2 49. Ke3 h1Q 50. Kd3 Qd1+ 51. Kc3 Rd4 52. b4 Qd3+ 53. Kb2 Rxb4+ 54. Kc1 Rb1# 0-1